000 00475nam a2200133Ia 4500
008 100328s9999 xx 000 0 und d
082 _b46019
100 _aपोरे सुरेश
245 _aव्हिकी प्रेम अन शॉक
260 _bमेहता पब्लिशिंग हाऊस
630 _aव्हिकी प्रेम अन शॉक
730 _aव्हिकी प्रेम अन शॉक
942 _cBOOK
999 _c534064
_d534061